000
00423nam a2200157Ia 4500
008
090711s9999 xx 000 0 und d
082
_b
11685
100
_a
बनारसे वि. ब.
245
_a
कामिनी
260
_c
1963
600
_a
बनारसे वि. ब.
630
_a
कामिनी
700
_a
बनारसे वि. ब.
730
_a
कामिनी
942
_c
BOOK
999
_c
328171
_d
328171